000 00841nam2a22002291 4500
001 v19\rc\2050461
005 20250620022121.0
035 _a(NLR Aleph) 005129104
090 _a7651121
_c7651121
100 _a20081111d1912 |||y0rusy50 ca
101 0 _arus
102 _aRU
105 _ay z |||||
200 0 _a... за 1910 год
210 _d1912
_aБ. м.
215 _a64 с.
461 0 _1001v19\rc\2050457
_12001#$aОтчет о деятельности...$v... за 1910 год
_97651105
_aАлександро-Невское общество трезвости (Санкт-Петербург)
_cСанкт-Петербург
_d1907-1914
_tОтчет о деятельности...
_v... за 1910 год
801 0 _aRU
_bNLR
_gpsbo
801 1 _aRU
_bProSoft-M
_2rusmarc
852 _aNLR
_j18.319.8.106(1)
942 _cBOOK
980 _aNB